Zinda (Record no. 34451)
[ view plain ]
| 000 -LEADER | |
|---|---|
| fixed length control field | 02002ngm a2200397 4500 |
| 003 - CONTROL NUMBER IDENTIFIER | |
| control field | dpl |
| 005 - DATE AND TIME OF LATEST TRANSACTION | |
| control field | 20100306104119.0 |
| 007 - PHYSICAL DESCRIPTION FIXED FIELD--GENERAL INFORMATION | |
| fixed length control field | DVD |
| 008 - FIXED-LENGTH DATA ELEMENTS--GENERAL INFORMATION | |
| fixed length control field | ||||||sp199 xxu|||||c ||| 00| 0 ng d |
| 010 ## - LIBRARY OF CONGRESS CONTROL NUMBER | |
| LC control number | DVD-006056-6060 |
| 024 ## - OTHER STANDARD IDENTIFIER | |
| Standard number or code | TS DVD-1654 |
| Terms of availability | 45.00 |
| 035 ## - SYSTEM CONTROL NUMBER | |
| System control number | DVD-006056-6060 |
| 040 ## - CATALOGING SOURCE | |
| Original cataloging agency | DPL |
| Transcribing agency | DPL |
| 082 ## - DEWEY DECIMAL CLASSIFICATION NUMBER | |
| Classification number | DVD ZIND |
| 245 ## - TITLE STATEMENT | |
| Title | Zinda |
| Statement of responsibility, etc | White Feather Films Presents |
| Medium | [videorecording] DVD/ |
| 260 ## - PUBLICATION, DISTRIBUTION, ETC. (IMPRINT) | |
| Name of publisher, distributor, etc | Super Cassette Industries |
| 300 ## - PHYSICAL DESCRIPTION | |
| Extent | 1 videodisc DVD; |
| Other physical details | sd., col. ; |
| Dimensions | 4 3/4 in. |
| Type of unit | DVD |
| 440 ## - SERIES STATEMENT/ADDED ENTRY--TITLE | |
| Title | T Series Home Entertainment |
| 538 ## - SYSTEM DETAILS NOTE | |
| System details note | Dolby Digital 5.1 - Hindi Subtitles: English |
| 650 ## - SUBJECT ADDED ENTRY--TOPICAL TERM | |
| Topical term or geographic name as entry element | Motion Picture |
| 700 ## - ADDED ENTRY--PERSONAL NAME | |
| Personal name | Gupta, Sanjay |
| 700 ## - ADDED ENTRY--PERSONAL NAME | |
| Personal name | Dutt, Sanjay |
| 700 ## - ADDED ENTRY--PERSONAL NAME | |
| Personal name | Manmohan |
| 700 ## - ADDED ENTRY--PERSONAL NAME | |
| Personal name | Vishal |
| 700 ## - ADDED ENTRY--PERSONAL NAME | |
| Personal name | Shekhar |
| 700 ## - ADDED ENTRY--PERSONAL NAME | |
| Personal name | Abraham, AJohn |
| 700 ## - ADDED ENTRY--PERSONAL NAME | |
| Personal name | Dutta, Lara |
| 700 ## - ADDED ENTRY--PERSONAL NAME | |
| Personal name | Jaitely, Celina |
| 942 ## - ADDED ENTRY ELEMENTS (KOHA) | |
| Koha item type | CD-ROMs, DVDs, VHS |
| Source of classification or shelving scheme | Dewey Decimal Classification |
| Classification part | DVD |
| Call number suffix | ZIND |
| Withdrawn status | Lost status | Source of classification or shelving scheme | Damaged status | Not for loan | Home library | Current library | Date acquired | Source of acquisition | Cost, normal purchase price | Total Checkouts | Full call number | Barcode | Date last seen | Date checked out | Copy number | Cost, replacement price | Price effective from | Koha item type |
|---|---|---|---|---|---|---|---|---|---|---|---|---|---|---|---|---|---|---|
| Dewey Decimal Classification | Central Library | Central Library | 06/03/2010 | Pioneers/1003/28-11-09/325/13-10-09 /30-11-09 | 45.00 | 10 | DVD ZIND | DVD-006056 | 18/06/2011 | 06/06/2011 | 1 | 45.00 | 06/03/2010 | CD-ROMs, DVDs, VHS | ||||
| Dewey Decimal Classification | Karol Bagh | Karol Bagh | 06/03/2010 | Pioneers/1003/28-11-09/325/13-10-09 /30-11-09 | 45.00 | 21 | DVD ZIND | DVD-006058 | 17/12/2013 | 29/11/2013 | 1 | 45.00 | 06/03/2010 | CD-ROMs, DVDs, VHS | ||||
| Dewey Decimal Classification | Narela | Narela | 06/03/2010 | Pioneers/1003/28-11-09/325/13-10-09 /30-11-09 | 45.00 | 7 | DVD ZIND | DVD-006059 | 22/10/2011 | 14/10/2011 | 1 | 45.00 | 06/03/2010 | CD-ROMs, DVDs, VHS | ||||
| Dewey Decimal Classification | Patel Nagar | Patel Nagar | 06/03/2010 | Pioneers/1003/28-11-09/325/13-10-09 /30-11-09 | 45.00 | 4 | DVD ZIND | DVD-006057 | 20/11/2011 | 16/09/2011 | 1 | 45.00 | 06/03/2010 | CD-ROMs, DVDs, VHS | ||||
| Dewey Decimal Classification | Shahdara Branch | Shahdara Branch | 06/03/2010 | Pioneers/1003/28-11-09/325/13-10-09 /30-11-09 | 45.00 | DVD ZIND | DVD-006060 | 06/03/2010 | 1 | 45.00 | 06/03/2010 | CD-ROMs, DVDs, VHS |
